[Event "Icelandic Open 2019"]
[Site "Akureyri"]
[Date "2019.05.30"]
[Round "7.4"]
[White "Thorhallsson, Throstur"]
[Black "Kjartansson, Gudmundur"]
[Result "0-1"]
[WhiteElo "2435"]
[BlackElo "2454"]
[Annotator "ChessBase"]
[PlyCount "68"]
[EventDate "2019.05.25"]
[EventType "swiss"]
[EventCountry "ISL"]
[SourceTitle "playchess.com"]
[Source "ChessBase"]
[SourceQuality "1"]
[TimeControl "40/5400+30:1800+30"]

1. d4 {[%emt 0:00:00]} d5 {[%emt 0:01:02]} 2. c4 {[%emt 0:01:38]} e6 {[%emt 0:00:04]} 3. Nc3 {[%emt 0:00:35]} c6 {[%emt 0:00:40]} 4. Nf3 {[%emt 0:01:49]} dxc4 {[%emt 0:00:19]} 5. a4 {[%emt 0:01:41]} Bb4 {[%emt 0:00:09]} 6. g3 {[%emt 0:02:50]} Nf6 {[%emt 0:01:09]} 7. Bg2 {[%emt 0:01:22]} O-O {[%emt 0:00:06]} 8. O-O {[%emt 0:00:43]} Nbd7 {[%emt 0:13:52]} 9. Qc2 {[%emt 0:03:57]} a5 {[%emt 0:08:17]} 10. Rd1 {[%emt 0:06:50]} Qe7 {[%emt 0:09:31]} 11. Ne5 {[%emt 0:19:31]} Nxe5 {[%emt 0:05:05]} 12. dxe5 {[%emt 0:00:49]} Nd7 {[%emt 0:12:19]} 13. Bf4 {[%emt 0:04:44]} f5 {[%emt 0:01:30]} 14. exf6 {[%emt 0:03:22]} Nxf6 {[%emt 0:00:45]} 15. Ne4 {[%emt 0:12:51]} e5 {[%emt 0:03:05]} 16. Bd2 {[%emt 0:08:27]} Be6 {[%emt 0:02:54]} 17. Ng5 {[%emt 0:02:14]} Rad8 {[%emt 0:04:21]} 18. Rac1 {[%emt 0:11:29]} Bd5 {[%emt 0:13:16]} 19. Bxb4 {[%emt 0:01:18]} Qxb4 {[%emt 0:08:12]} 20. Bh3 {[%emt 0:04:07]} Rfe8 {[%emt 0:06:04]} 21. Ne6 {[%emt 0:07:01]} Rd6 {[%emt 0:01:00]} 22. Ng5 {[%emt 0:01:30]} h6 {[%emt 0:01:05]} 23. Nf3 {[%emt 0:00:28]} Be4 {[%emt 0:01:42]} 24. Qc3 {[%emt 0:00:02]} Qxc3 {[%emt 0:00:36]} 25. bxc3 {[%emt 0:00:01]} Rxd1+ {[%emt 0:01:03]} 26. Rxd1 {[%emt 0:00:01]} Nd5 {[%emt 0:01:24]} 27. Rc1 {[%emt 0:00:34]} Bxf3 {[%emt 0:00:30]} 28. exf3 {[%emt 0:00:01]} Kf7 {[%emt 0:00:47]} 29. Rb1 {[%emt 0:01:16]} Rb8 {[%emt 0:00:47]} 30. Bf1 {[%emt 0:00:23]} Nxc3 {[%emt 0:00:24]} 31. Bxc4+ {[%emt 0:00:10]} Kf6 {[%emt 0:00:14]} 32. Ra1 {[%emt 0:00:17]} b5 {[%emt 0:01:11]} 33. axb5 {[%emt 0:00:15]} cxb5 {[%emt 0:00:05]} 34. Bd3 {[%emt 0:00:16]} a4 {[%emt 0:00:37]} 0-1

[Event "Icelandic Open 2019"]
[Site "Akureyri"]
[Date "2019.05.30"]
[Round "7.5"]
[White "Ruelland, Geoffrey"]
[Black "Gunnarsson, Jon Viktor"]
[Result "0-1"]
[WhiteElo "1955"]
[BlackElo "2452"]
[Annotator "ChessBase"]
[PlyCount "48"]
[EventDate "2019.05.25"]
[EventType "swiss"]
[EventCountry "ISL"]
[SourceTitle "playchess.com"]
[Source "ChessBase"]
[SourceQuality "1"]
[TimeControl "40/5400+30:1800+30"]

1. e4 {[%emt 0:00:00]} c5 {[%emt 0:01:36]} 2. Nf3 {[%emt 0:00:11]} d6 {[%emt 0:01:00]} 3. d4 {[%emt 0:00:30]} cxd4 {[%emt 0:00:05]} 4. Nxd4 {[%emt 0:00:18]} Nf6 {[%emt 0:00:09]} 5. Nc3 {[%emt 0:00:36]} a6 {[%emt 0:00:08]} 6. Be2 {[%emt 0:01:57]} e5 {[%emt 0:00:40]} 7. Nb3 {[%emt 0:00:12]} Be7 {[%emt 0:00:10]} 8. Be3 {[%emt 0:01:34]} O-O {[%emt 0:01:20]} 9. g4 {[%emt 0:02:07]} Be6 {[%emt 0:05:59]} 10. g5 {[%emt 0:01:11]} Nfd7 {[%emt 0:00:08]} 11. Qd2 {[%emt 0:00:17]} Nb6 {[%emt 0:08:38]} 12. O-O-O {[%emt 0:05:03]} a5 {[%emt 0:09:15]} 13. Kb1 {[%emt 0:22:45]} a4 {[%emt 0:21:10]} 14. Nc1 {[%emt 0:00:13]} a3 {[%emt 0:05:51]} 15. b3 {[%emt 0:00:13]} N8d7 {[%emt 0:01:20]} 16. Rhg1 {[%emt 0:08:11]} Qc7 {[%emt 0:03:42]} 17. Nb5 {[%emt 0:08:51]} Qc6 {[%emt 0:02:34]} 18. f3 {[%emt 0:12:44]} d5 {[%emt 0:01:30]} 19. Bxb6 {[%emt 0:24:44]} Nxb6 {[%emt 0:01:56]} 20. Qc3 {[%emt 0:00:11]} Rfc8 {[%emt 0:04:34]} 21. Qxc6 {[%emt 0:00:31]} bxc6 {[%emt 0:00:21]} 22. exd5 {[%emt 0:00:31]} Nxd5 {[%emt 0:02:02]} 23. c4 {[%emt 0:00:43]} Ne3 {[%emt 0:00:39]} 24. Rd3 {[%emt 0:03:47]} cxb5 {[%emt 0:02:23]} 0-1

[Event "Icelandic Open 2019"]
[Site "Akureyri"]
[Date "2019.05.30"]
[Round "7.6"]
[White "Stefansson, Vignir Vatnar"]
[Black "Thorfinnsson, Bjorn"]
[Result "1/2-1/2"]
[WhiteElo "2291"]
[BlackElo "2389"]
[Annotator "TA"]
[PlyCount "152"]
[EventDate "2019.05.25"]
[EventType "swiss"]
[EventCountry "ISL"]
[SourceTitle "playchess.com"]
[Source "ChessBase"]
[SourceQuality "1"]

{[%evp 22,152,35,25,48,24,31,16,18,15,15,15,15,15,18,15,16,15,21,0,0,-17,0,0,0,0,0,0,0,0,0,0,0,0,0,0,0,-8,0,-11,0,-7,0,0,0,0,0,0,0,0,0,0,27,33,27,22,19,0,5,0,9,-33,-29,-124,-126,-109,-112,-87,-39,-279,-259,-530,-289,-289,-285,-314,-215,-206,-183,-161,-135,-81,-26,-297,-269,-280,-285,-385,-385,-370,-243,-218,-202,-195,-133,-118,0,0,0,0,0,-152,-152,-152,0,0,0,0,0,0,0,0,0,0,0,0,0,0,0,0,0,0,0,0,0,0,0,0,0,0,-1,-60,0]} 1. Nf3 Nf6 2. g3 c5 3. c4 g6 4. Bg2 Bg7 5. d4 cxd4 6. Nxd4 O-O 7. O-O d6 8. b3 Nc6 9. Bb2 Bd7 10. Nc3 Nxd4 11. Qxd4 Bc6 12. Nd5 a5 {E60: King's Indian: Unusual lines and Fianchetto Variation without Nc3} (12... Bxd5 13. Bxd5 Ne8 14. Qd2 Bxb2 15. Qxb2 Qb6 16. Rfc1 Nf6 17. Bf3 Rfc8 18. Rab1 a5 19. a3 Rc7 20. h4 h5 21. b4 axb4 22. axb4 Rac8 23. c5 dxc5 24. bxc5 Qxb2 25. Rxb2 Rxc5 26. Rxc5 Rxc5 27. Rxb7 {½-½ (27) Bruzon Batista,L (2660)-Swiercz,D (2639) Saint Louis 2017}) 13. a3 $146 ({Predecessor:} 13. Rfd1 Bxd5 14. Bxd5 Nh5 15. Qd2 Bxb2 16. Qxb2 Qc7 17. Rac1 Nf6 18. Bg2 Rab8 19. a3 {½-½ (19) Lin,Y (2345)-Istratescu,A (2555) Lienz 2019}) 13... Rc8 14. Rac1 Bxd5 {The position is equal.} 15. Bxd5 Ne8 16. Qd2 Bxb2 17. Qxb2 Qb6 18. h4 Nf6 19. Rfd1 Rc5 20. b4 Rc7 21. Rb1 Ra8 22. Qd2 Nxd5 23. Qxd5 axb4 24. axb4 Qc6 25. c5 Qxd5 26. Rxd5 dxc5 27. Rxc5 $11 {[%mdl 4096] Endgame KRR-KRR} Rac8 28. Rd5 e6 29. Rd6 Kf8 30. Kg2 Ke8 31. Rbd1 Rc1 32. R1d3 R1c2 33. Rb6 R8c7 34. Ra3 R2c6 35. Rb5 Kd7 36. Ra8 Rd6 37. Rf8 Ke7 38. Rb8 Rdd7 39. Rb6 Kf6 40. Rb5 Kg7 41. e3 Rc2 42. R5xb7 (42. Rc5 $11 {remains equal.} Rb2 43. g4) 42... Rdd2 $17 43. Kf3 Rxf2+ 44. Ke4 Rc4+ 45. Ke5 $2 (45. Kd3 $15 Rg4 46. Re8) 45... Re2 $19 46. b5 $2 (46. Kd6 Rxe3 47. b5) 46... Rxe3+ {[%mdl 64] [#] Double Attack} 47. Kd6 Rxg3 48. b6 Kf6 {[%cal Rg3d3]} ({Don't take} 48... Rxh4 49. Ke7 $19) 49. Kd7 Rxh4 50. Ke8 Rb3 51. Rxf7+ Kg5 {Threatens to win with ...h5.} 52. b7 $2 {[%mdl 8192]} (52. Re7 $1 $11 {and White is okay.}) 52... h5 53. Kd7 Rhb4 54. Kxe6 h4 55. Rg7 h3 56. Rbg8 Rb6+ 57. Ke5 R3b5+ ({Not} 57... Rxb7 58. Rxg6+ Kh5 59. Rg1 $11) 58. Ke4 Kh4 ({But not} 58... Rxb7 $6 59. Rxg6+ Kh5 60. Rg1 $11) (58... Rb4+ $17 59. Kf3 Rf6+ 60. Ke3 Re6+ 61. Kd2 Reb6) 59. Rxg6 $11 {[#] White wants to mate with Rh8+.} Rxg6 60. Rxg6 Rxb7 {KR-KR} (60... h2 $5 61. Rh6+ $8 Rh5 62. Rxh5+ Kxh5 $11) 61. Kf3 $2 (61. Rh6+ $11 Kg3 62. Rg6+ Kh4 63. Rh6+ Kg4 64. Rg6+ Kh5 65. Rg8) 61... Rf7+ $17 62. Ke2 Rf5 $2 ({Better is} 62... h2 $17 {( -> ...Rh7)} 63. Rh6+ Kg3 64. Rg6+ Kf4) 63. Rh6+ $11 Kg3 {...h2 is the strong threat.} 64. Rg6+ Kh2 {Strongly threatening ...Rf7.} 65. Rg8 Ra5 {With the idea ...Rf5.} 66. Kf1 $1 Ra1+ 67. Kf2 Ra2+ 68. Kf1 Ra4 69. Rg7 Rf4+ 70. Ke2 Rf8 71. Rg6 Ra8 {White must now prevent ...Rf8.} 72. Kf2 Ra2+ 73. Kf1 Rg2 74. Rh6 Rg5 {White should prevent ...Rf5+.} 75. Rf6 Kh1 (75... Kg3 $5 76. Kg1 $8 Kh4+ 77. Kh2 Rh5 $11) 76. Rf3 (76. Kf2 $11) 76... Kh2 {Accuracy: White = 51%, Black = 59%.} (76... Rh5 $15) 1/2-1/2

[Event "Icelandic Open 2019"]
[Site "Akureyri"]
[Date "2019.05.30"]
[Round "7.7"]
[White "Thorfinnsson, Bragi"]
[Black "Pupols, Viktors"]
[Result "1-0"]
[WhiteElo "2451"]
[BlackElo "2023"]
[Annotator "ChessBase"]
[PlyCount "65"]
[EventDate "2019.05.25"]
[EventType "swiss"]
[EventCountry "ISL"]
[SourceTitle "playchess.com"]
[Source "ChessBase"]
[SourceQuality "1"]
[TimeControl "40/5400+30:1800+30"]

1. Nf3 {[%emt 0:00:00]} d5 {[%emt 0:00:00]} 2. g3 {[%emt 0:00:30]} Nf6 {[%emt 0:00:10]} 3. Bg2 {[%emt 0:00:27]} e6 {[%emt 0:00:20]} 4. O-O {[%emt 0:00:56]} c5 {[%emt 0:00:04]} 5. d3 {[%emt 0:01:20]} Nc6 {[%emt 0:00:05]} 6. Nbd2 {[%emt 0:00:52]} Be7 {[%emt 0:00:05]} 7. e4 {[%emt 0:01:05]} O-O {[%emt 0:00:07]} 8. Re1 {[%emt 0:00:52]} b5 {[%emt 0:00:04]} 9. e5 {[%emt 0:02:30]} Ne8 {[%emt 0:00:05]} 10. Nf1 {[%emt 0:00:44]} Nc7 {[%emt 0:00:05]} 11. h4 {[%emt 0:00:44]} b4 {[%emt 0:00:04]} 12. h5 {[%emt 0:02:45]} Nb5 {[%emt 0:00:08]} 13. N1h2 {[%emt 0:03:37]} Ncd4 {[%emt 0:00:04]} 14. Ng4 {[%emt 0:01:13]} a5 {[%emt 0:02:06]} 15. a4 {[%emt 0:07:16]} bxa3 {[%emt 0:00:06]} 16. bxa3 {[%emt 0:00:09]} a4 {[%emt 0:01:16]} 17. h6 {[%emt 0:11:57]} g6 {[%emt 0:00:07]} 18. Be3 {[%emt 0:00:39]} Bd7 {[%emt 0:20:46]} 19. c4 {[%emt 0:05:18]} Nxf3+ {[%emt 0:14:33]} 20. Qxf3 {[%emt 0:01:27]} Nc7 {[%emt 0:00:25]} 21. Bxc5 {[%emt 0:05:16]} Bxc5 {[%emt 0:28:07]} 22. Nf6+ {[%emt 0:00:46]} Kh8 {[%emt 0:00:04]} 23. Nxd7 {[%emt 0:00:27]} Be7 {[%emt 0:00:03]} 24. Nxf8 {[%emt 0:02:30]} Qxf8 {[%emt 0:02:29]} 25. Qf4 {[%emt 0:05:53]} g5 {[%emt 0:02:43]} 26. Qg4 {[%emt 0:01:06]} Rd8 {[%emt 0:07:25]} 27. cxd5 {[%emt 0:02:16]} Nxd5 {[%emt 0:00:48]} 28. Bxd5 {[%emt 0:00:30]} Rxd5 {[%emt 0:00:16]} 29. Qxa4 {[%emt 0:00:23]} Bd8 {[%emt 0:04:36]} 30. Rab1 {[%emt 0:02:15]} Qxh6 {[%emt 0:00:10]} 31. Qe8+ {[%emt 0:01:37]} Kg7 {[%emt 0:00:03]} 32. Rb8 {[%emt 0:00:47]} g4 {[%emt 0:00:29]} 33. Rxd8 {[%emt 0:00:24]} 1-0

[Event "Icelandic Open 2019"]
[Site "Akureyri"]
[Date "2019.05.30"]
[Round "7.8"]
[White "Gretarsson, Helgi Ass"]
[Black "Barthel, Ansgar"]
[Result "1-0"]
[WhiteElo "2433"]
[BlackElo "2062"]
[Annotator "TA"]
[PlyCount "157"]
[EventDate "2019.05.25"]
[EventType "swiss"]
[EventCountry "ISL"]
[SourceTitle "playchess.com"]
[Source "ChessBase"]
[SourceQuality "1"]

{[%evp 9,157,33,43,41,37,0,31,25,22,13,32,33,45,-39,-33,-79,35,0,33,34,34,34,29,35,26,39,66,68,107,76,85,83,75,71,75,87,78,73,80,80,83,85,104,104,237,91,93,83,100,88,106,63,63,61,77,61,62,62,86,83,93,70,68,51,267,268,265,261,226,227,232,0,0,0,220,221,306,0,0,0,0,0,0,0,0,-2,0,0,12,12,12,0,12,0,0,0,14,0,0,0,249,204,222,229,199,204,192,206,209,177,641,626,608,574,12818,12817,12824,12811,12812,12794,2660,601,941,0,1622,0,667,602,413,110,1212,1212,1124,718,622,584,1126,592,592,584,29957,29958,29953,29947,29944,10207,29982,29984,29984,29985]} 1. d4 d6 2. e4 Nf6 3. Nc3 c6 4. Nf3 Bg4 5. Be3 e6 6. h3 {B07: Pirc Defence: Miscellaneous Systems} (6. Be2 d5 7. e5 Nfd7 8. Nd2 Bf5 9. g4 Bg6 10. h4 h6 11. f4 c5 12. Bd3 Bxd3 13. cxd3 Nc6 14. Ne2 Qb6 {0-1 (80) Bacrot,E (2720)-Mamedyarov,S (2743) Dubai 2014}) 6... Bh5 7. Qe2 Be7 $146 ({Predecessor:} 7... d5 8. exd5 Nxd5 9. Bd2 Nxc3 10. Bxc3 Qd5 11. g4 Bg6 12. Bg2 Qe4 13. Qxe4 Bxe4 {½-½ (36) Gunawan,R (2503)-Galego,L (2419) Istanbul 2000}) 8. g4 {White is slightly better.} Bg6 9. Nd2 d5 {[%cal Rf6e4]} 10. f3 Bb4 11. Bf2 (11. h4 $14 dxe4 12. h5 exf3 13. Qxf3 Bxc3 14. bxc3 Bxc2 15. Rc1) 11... Qa5 $15 12. Qe3 Nbd7 ({Better is} 12... dxe4 $17 13. Bg2 exf3 14. Bxf3 Bxc2) 13. h4 $36 {[%mdl 2048] White is more active.} h6 14. h5 {Strongly threatening Nb3.} Bh7 15. e5 Ng8 16. Nb3 Bxc3+ 17. bxc3 Qc7 18. Bd3 O-O-O 19. f4 Ne7 20. Bh4 Rde8 21. O-O-O Bxd3 22. cxd3 Kb8 23. Kb1 Nc8 24. c4 Ncb6 25. Rc1 dxc4 26. dxc4 c5 (26... f6 $16) 27. Rhd1 (27. Nxc5 Nxc5 28. dxc5 Na4 $11) (27. dxc5 $18 {is the precise move to win.} Na4 28. Bf2) 27... cxd4 $16 28. Qxd4 Rc8 29. Be7 $1 {[%cal Re7d6]} Ka8 30. c5 Nd5 31. Bd6 Qc6 32. Ka1 Nb8 {[%cal Bd7b8,Bb8c6,Bc6b4,Bb4a2][%mdl 32]} 33. f5 Qd7 34. Qe4 Nc6 35. Nd2 Ncb4 36. a3 Qa4 $2 (36... Nc6 $14) 37. Kb2 $1 $18 Nc3 38. Kxc3 Qxa3+ 39. Nb3 Na2+ 40. Kc2 {Threatens to win with Ra1.} Nb4+ ({Wrong is} 40... Nxc1 $2 41. Rxc1 Qa2+ 42. Kc3 $18) 41. Kc3 Na2+ $1 {[%mdl 64] Double Attack} 42. Kd2 $1 Qxb3 43. Rb1 $2 (43. Rc4 $1 $18 Rc6 44. Qd3 Qxd3+ 45. Kxd3) 43... Nc3 $1 $11 {[%cal Rc3e4][%mdl 64] Double Attack} 44. Rxb3 {[%csl Gb3][%cal Re4b7]} Nxe4+ 45. Ke3 Nxc5 46. Bxc5 Rxc5 {[%mdl 4096] Endgame KRR-KRR} 47. Rd7 exf5 48. Rbxb7 fxg4 49. Rxa7+ Kb8 50. Rdb7+ Kc8 51. Kd4 {[#]} ({Don't play} 51. Rxf7 Rxe5+ 52. Kf4 Rb5 $16) 51... Ra5 $1 {[%mdl 512]} 52. Rc7+ (52. Rxa5 Kxb7) 52... Kb8 $1 53. Rab7+ Ka8 54. Rxf7 Rd8+ $2 (54... g3 $11 {and Black stays safe.}) 55. Rbd7 $1 $18 {[%cal Rd7d8][%mdl 1024] White has strong compensation.} Re8 56. Rde7 {[%cal Re7e8]} ({Inferior is} 56. Rxg7 Raxe5 57. Rd8+ (57. Rxg4 Rxh5 58. Rg6 Rh4+ 59. Kd5 Rh5+ 60. Kd4 Rh4+ 61. Kc5 Rh2 $11) 57... Rxd8+ $11) 56... Rd8+ 57. Ke4 Ra4+ 58. Kf5 $1 g3 {And now ...g6+! would win.} 59. Rxg7 Rh4 $2 (59... Rf8+ 60. Ke6 Ra3) 60. Rxg3 Rxh5+ 61. Ke6 Rh1 62. Rd7 Rh8 63. Ra3+ Kb8 64. Rb3+ Kc8 65. Rc3+ (65. Rdd3 $142 Re8+ 66. Kd6 Rd8+ 67. Ke7 Rxd3 68. Rxd3) 65... Kb8 66. Rb3+ (66. Rdd3 $142 Rb1 67. Rb3+ Rxb3 68. Rxb3+ Kc7 69. Rc3+ Kd8 70. Rf3) 66... Kc8 67. Rc3+ (67. Rdd3 $142 Rh7 68. Rdc3+ Rc7 69. Rxc7+ Kxc7 70. Ke7) 67... Kb8 68. Rd5 {Threatening mate with Rb5+.} Rb1 69. Rcc5 $2 (69. Kf6 $1 $18) 69... h5 $2 {[%mdl 8192] [#]} (69... Rb7 $16) 70. Rb5+ $1 Rxb5 71. Rxb5+ {KR-KR} Kc7 72. Rc5+ Kb6 73. Rc1 h4 74. Kd7 Rh7+ 75. Kd6 h3 76. Rb1+ Ka7 {[#]} 77. e6 $1 {[%cal Re6e7]} Rb7 78. Ra1+ Kb8 79. e7 {Accuracy: White = 59%, Black = 39%.} 1-0

[Event "Icelandic Open 2019"]
[Site "Akureyri"]
[Date "2019.05.30"]
[Round "7.9"]
[White "Petursson, Gudni"]
[Black "Sarkar, Justin"]
[Result "0-1"]
[WhiteElo "2045"]
[BlackElo "2358"]
[Annotator "ChessBase"]
[PlyCount "120"]
[EventDate "2019.05.25"]
[EventType "swiss"]
[EventCountry "ISL"]
[SourceTitle "playchess.com"]
[Source "ChessBase"]
[SourceQuality "1"]
[TimeControl "40/5400+30:1800+30"]

1. c4 {[%emt 0:00:00]} c5 {[%emt 0:01:15]} 2. Nc3 {[%emt 0:00:00]} Nc6 {[%emt 0:00:17]} 3. g3 {[%emt 0:00:02]} g6 {[%emt 0:00:50]} 4. Bg2 {[%emt 0:00:07]} Bg7 {[%emt 0:00:09]} 5. Nf3 {[%emt 0:00:33]} Nf6 {[%emt 0:00:15]} 6. O-O {[%emt 0:00:06]} h5 {[%emt 0:02:06]} 7. d4 {[%emt 0:02:15]} cxd4 {[%emt 0:00:26]} 8. Nxd4 {[%emt 0:00:05]} h4 {[%emt 0:00:21]} 9. e3 {[%emt 0:04:16]} hxg3 {[%emt 0:08:48]} 10. hxg3 {[%emt 0:00:08]} Qa5 {[%emt 0:00:36]} 11. Nb3 {[%emt 0:02:44]} Qb4 {[%emt 0:10:48]} 12. Nd5 {[%emt 0:02:06]} Nxd5 {[%emt 0:00:41]} 13. cxd5 {[%emt 0:00:02]} Ne5 {[%emt 0:00:36]} 14. Bd2 {[%emt 0:00:44]} Qb6 {[%emt 0:04:04]} 15. Bc3 {[%emt 0:00:13]} g5 {[%emt 0:00:25]} 16. d6 {[%emt 0:02:35]} g4 {[%emt 0:00:37]} 17. Nd4 {[%emt 0:06:41]} Qxd6 {[%emt 0:05:53]} 18. Nf5 {[%emt 0:00:22]} Qg6 {[%emt 0:00:13]} 19. Nxg7+ {[%emt 0:00:15]} Qxg7 {[%emt 0:00:02]} 20. Bxe5 {[%emt 0:01:27]} Qxe5 {[%emt 0:00:04]} 21. Qxg4 {[%emt 0:05:41]} d5 {[%emt 0:05:30]} 22. Qf3 {[%emt 0:00:00]} Be6 {[%emt 0:02:17]} 23. b3 {[%emt 0:00:00]} O-O-O {[%emt 0:02:26]} 24. Rac1+ {[%emt 0:00:00]} Kb8 {[%emt 0:00:08]} 25. Qf4 {[%emt 0:00:52]} Qxf4 {[%emt 0:00:20]} 26. exf4 {[%emt 0:00:06]} Bh3 {[%emt 0:00:39]} 27. Bxh3 {[%emt 0:00:34]} Rxh3 {[%emt 0:00:03]} 28. Kg2 {[%emt 0:00:08]} Rh6 {[%emt 0:00:45]} 29. Kf3 {[%emt 0:00:15]} Rc6 {[%emt 0:04:40]} 30. Ke3 {[%emt 0:01:04]} Kc7 {[%emt 0:03:34]} 31. Rh1 {[%emt 0:01:28]} Kd6 {[%emt 0:02:51]} 32. Rh6+ {[%emt 0:01:57]} f6 {[%emt 0:02:31]} 33. Rxc6+ {[%emt 0:00:33]} bxc6 {[%emt 0:00:07]} 34. g4 {[%emt 0:00:17]} c5 {[%emt 0:00:32]} 35. g5 {[%emt 0:00:09]} Ke6 {[%emt 0:00:25]} 36. gxf6 {[%emt 0:02:44]} exf6 {[%emt 0:00:10]} 37. Rh1 {[%emt 0:00:36]} a5 {[%emt 0:01:32]} 38. Rh7 {[%emt 0:01:31]} a4 {[%emt 0:05:54]} 39. Rb7 {[%emt 0:00:28]} Rh8 {[%emt 0:09:47]} 40. Rb6+ {[%emt 0:00:00]} Kf5 {[%emt 0:00:00]} 41. Rb5 {[%emt 0:03:37]} Rh3+ {[%emt 0:07:00]} 42. Ke2 {[%emt 0:00:54]} Rc3 {[%emt 0:13:51]} 43. Kd2 {[%emt 0:00:41]} d4 {[%emt 0:00:14]} 44. b4 {[%emt 0:00:32]} Ke4 {[%emt 0:02:46]} 45. bxc5 {[%emt 0:00:44]} Rf3 {[%emt 0:04:32]} 46. Ke2 {[%emt 0:00:12]} Ra3 {[%emt 0:01:03]} 47. Rb2 {[%emt 0:01:00]} Kd5 {[%emt 0:00:04]} 48. Rb6 {[%emt 0:02:21]} Rxa2+ {[%emt 0:02:59]} 49. Kf3 {[%emt 0:00:18]} Kxc5 {[%emt 0:11:11]} 50. Rxf6 {[%emt 0:00:09]} a3 {[%emt 0:00:13]} 51. Ra6 {[%emt 0:00:14]} Ra1 {[%emt 0:01:10]} 52. f5 {[%emt 0:00:08]} d3 {[%emt 0:00:08]} 53. Ke3 {[%emt 0:00:30]} a2 {[%emt 0:00:12]} 54. f6 {[%emt 0:00:43]} Re1+ {[%emt 0:00:19]} 55. Kxd3 {[%emt 0:01:25]} a1=Q {[%emt 0:00:09]} 56. Rxa1 {[%emt 0:00:06]} Rxa1 {[%emt 0:00:03]} 57. Ke4 {[%emt 0:00:08]} Kd6 {[%emt 0:00:07]} 58. Kf5 {[%emt 0:00:05]} Ra5+ {[%emt 0:00:26]} 59. Kg6 {[%emt 0:00:19]} Ke6 {[%emt 0:00:05]} 60. f7 {[%emt 0:00:27]} Rf5 {[%emt 0:00:11]} 0-1